Numerical Simulations, Nonlinear Analysis and Control of Bio-inspired Flow : (Record no. 527316)

000 -LEADER
fixed length control field 00658nam a22001937a 4500
003 - CONTROL NUMBER IDENTIFIER
control field NUST
005 - DATE AND TIME OF LATEST TRANSACTION
control field 20190725053321.0
008 - FIXED-LENGTH DATA ELEMENTS--GENERAL INFORMATION
fixed length control field 190725b ||||| |||| 00| 0 eng d
038 ## - RECORD CONTENT LICENSOR
Staff Name Mr. Noman
082 ## - DEWEY DECIMAL CLASSIFICATION NUMBER
Classification number 620.1
100 ## - MAIN ENTRY--PERSONAL NAME
Personal name Khalid, Muhammad Saif Ullah
9 (RLIN) 18485
245 ## - TITLE STATEMENT
Title Numerical Simulations, Nonlinear Analysis and Control of Bio-inspired Flow :
Remainder of title A Step towards Autonomous Vehicles /
Statement of responsibility, etc. Muhammad Saif Ullah Khalid.
260 ## - PUBLICATION, DISTRIBUTION, ETC.
Place of publication, distribution, etc. Islamabad:
Name of publisher, distributor, etc. CEMe - NUST,
Date of publication, distribution, etc. 2016.
300 ## - PHYSICAL DESCRIPTION
Extent xviii, 177 p.: ill.;
Dimensions 30cm.
500 ## - GENERAL NOTE
General note Hardcover.
650 ## - SUBJECT ADDED ENTRY--TOPICAL TERM
Topical term or geographic name entry element Mechanical Engineering PhD Thesis.
9 (RLIN) 18486
700 ## - ADDED ENTRY--PERSONAL NAME
Personal name Dr. Imran Akhtar.
9 (RLIN) 11136
942 ## - ADDED ENTRY ELEMENTS (KOHA)
Source of classification or shelving scheme
Koha item type Thesis
Holdings
Withdrawn status Lost status Source of classification or shelving scheme Damaged status Not for loan Permanent Location Current Location Shelving location Date acquired Total Checkouts Full call number Barcode Date last seen Price effective from Koha item type
          Central Library (CL) Central Library (CL) Thesis 07/25/2019   620.1 CL-T-823 07/26/2019 07/25/2019 Thesis
© 2023 Central Library, National University of Sciences and Technology. All Rights Reserved.